[Event "Valencia Cuna op 5th"]
[Site "Valencia"]
[Date "2024.07.13"]
[Round "8"]
[White "Minzer, Claudio Javier"]
[Black "Del Rio de Angelis, Salvador Gabriel"]
[Result "1/2-1/2"]
[WhiteElo "2405"]
[BlackElo "2420"]
[PlyCount "31"]
[EventDate "2024.07.06"]
[EventType "swiss"]
[EventRounds "9"]
[EventCountry "ESP"]
[SourceTitle "CBM 221 Extra"]
[Source "ChessBase"]
[SourceDate "2024.09.30"]
[SourceVersion "1"]
[SourceVersionDate "2024.09.30"]
[SourceQuality "1"]

1. Nf3 e6 2. d4 Nf6 3. Bg5 h6 4. Bh4 c5 5. e3 b6 6. Nbd2 Bb7 7. c3 Be7 8. Bxf6 Bxf6 9. Bd3 cxd4 10. exd4 Be7 11. 0-0 d6 12. Re1 Nd7 13. Be4 Qc7 14. Bxb7 Qxb7 15. Qe2 Nf6 16. Qd1 1/2-1/2

[Event "San Vicente op 8th"]
[Site "San Vicente"]
[Date "2024.03.30"]
[Round "6"]
[White "Bora, Safal"]
[Black "Minzer, Claudio Javier"]
[Result "0-1"]
[WhiteElo "2490"]
[BlackElo "2398"]
[PlyCount "144"]
[EventDate "2024.03.27"]
[EventType "swiss"]
[EventRounds "9"]
[EventCountry "ESP"]
[SourceTitle "CBM 219 Extra"]
[Source "ChessBase"]
[SourceDate "2024.05.31"]
[SourceVersion "1"]
[SourceVersionDate "2024.05.31"]
[SourceQuality "1"]

1. d4 Nf6 2. c4 e6 3. Bf4 d5 4. cxd5 Nxd5 5. Bg3 c5 6. e4 Nf6 7. Nd2 cxd4 8. e5 Nd5 9. Ngf3 Be7 10. Bd3 Nd7 11. 0-0 Nc5 12. Bb1 Bd7 13. Nxd4 Ba4 14. Qf3 h5 15. h3 Nb4 16. Qe3 Nd5 17. Qf3 Nb4 18. Qe3 Nd5 19. Qe2 Nf4 20. Bxf4 Qxd4 21. Ne4 a6 22. Be3 Qxe5 23. Bxc5 Bxc5 24. Qc4 Bb5 25. Qxc5 Qxc5 26. Nxc5 Bxf1 27. Kxf1 Rc8 28. Nb3 f5 29. Bd3 Ke7 30. Re1 Kf6 31. f4 Rhd8 32. Re3 h4 33. Ke2 Rd5 34. Kd2 a5 35. Nc1 b5 36. Ne2 b4 37. b3 Rcd8 38. Kc2 R8d6 39. Rf3 Rd8 40. Nc1 Rd4 41. Rf2 R8d6 42. Bc4 Re4 43. Nd3 Red4 44. Ne5 g5 45. Nd3 g4 46. Re2 g3 47. Kd2 Re4 48. Re3 Red4 49. Ke2 Rc6 50. Re5 Rxf4 51. Rxa5 Re4+ 52. Kd2 Rd6 53. a4 f4 54. Ra8 Kg7 55. Ra7+ Kg6 56. Ra8 Kg7 57. Ra6 Rxa6 58. Bxa6 f3 59. gxf3 g2 60. fxe4 g1Q 61. Ke2 Qg3 62. Bc4 Qxh3 63. a5 Qg4+ 64. Ke3 h3 65. a6 h2 66. Nf2 Qg1 67. Ke2 h1Q 68. Nxh1 Qxh1 69. Ke3 e5 70. Be2 Qc1+ 71. Kf2 Qb2 72. Kf1 Qxb3 0-1

[Event "La Nucia op 3rd"]
[Site "La Nucia"]
[Date "2022.10.12"]
[Round "5"]
[White "Minzer, Claudio Javier"]
[Black "Yuffa, Daniil"]
[Result "1/2-1/2"]
[WhiteElo "2423"]
[BlackElo "2601"]
[PlyCount "90"]
[EventDate "2022.10.09"]
[EventType "swiss"]
[EventRounds "9"]
[EventCountry "ESP"]
[SourceTitle "CBM 210 Extra"]
[Source "ChessBase"]
[SourceDate "2022.11.30"]
[SourceVersion "1"]
[SourceVersionDate "2022.11.30"]
[SourceQuality "1"]

1. Nf3 d5 2. c4 d4 3. d3 Nc6 4. g3 e5 5. Bg2 Bb4+ 6. Bd2 a5 7. 0-0 Nf6 8. e3 0-0 9. exd4 exd4 10. Bg5 h6 11. Bxf6 Qxf6 12. a3 Be7 13. Nbd2 Bf5 14. Ne1 Ne5 15. Ndf3 Nd7 16. Nc2 Nc5 17. Ncxd4 Bxd3 18. Re1 a4 19. Qc1 Rad8 20. Qe3 Be4 21. Rad1 Rfe8 22. Nb5 Rxd1 23. Rxd1 Qb6 24. Nc3 Bxf3 25. Bxf3 c6 26. Rd2 Qa6 27. Bg4 Kf8 28. Qf4 Bg5 29. Qd6+ Be7 30. Qf4 Bg5 31. Qd6+ Kg8 32. Re2 Rxe2 33. Bxe2 Qb6 34. h4 Bf6 35. Bh5 Ne6 36. Qd7 Nd8 37. Nxa4 Qa5 38. Qd1 Ne6 39. b4 Qe5 40. Qe2 Qa1+ 41. Kh2 Bd4 42. Bg4 Qxa3 43. Bxe6 Qxa4 44. Bc8 Qxb4 45. Qe8+ Qf8 1/2-1/2

[Event "La Nucia op 3rd"]
[Site "La Nucia"]
[Date "2022.10.11"]
[Round "3"]
[White "Minzer, Claudio Javier"]
[Black "Asis Gargatagli, Hipolito"]
[Result "1/2-1/2"]
[WhiteElo "2423"]
[BlackElo "2503"]
[PlyCount "49"]
[EventDate "2022.10.09"]
[EventType "swiss"]
[EventRounds "9"]
[EventCountry "ESP"]
[SourceTitle "CBM 210 Extra"]
[Source "ChessBase"]
[SourceDate "2022.11.30"]
[SourceVersion "1"]
[SourceVersionDate "2022.11.30"]
[SourceQuality "1"]

1. d4 Nf6 2. c4 g6 3. Nc3 Bg7 4. e4 d6 5. Nf3 0-0 6. Be2 e5 7. Be3 Ng4 8. Bg5 f6 9. Bc1 Nc6 10. 0-0 f5 11. dxe5 Ngxe5 12. exf5 Bxf5 13. Be3 Ng4 14. Bg5 Qd7 15. h3 Nge5 16. Nxe5 Bxe5 17. f4 Bg7 18. g4 Be6 19. Qd3 Nd4 20. Rae1 Qf7 21. b3 Bd7 22. Bd1 Rae8 23. Rxe8 Rxe8 24. Bh4 Bc6 25. Bg3 1/2-1/2

[Event "Pamplona FNA 2nd"]
[Site "Pamplona"]
[Date "2022.01.05"]
[Round "5"]
[White "Minzer, Claudio Javier"]
[Black "Munoz Pantoja, Miguel Angel"]
[Result "1/2-1/2"]
[WhiteElo "2435"]
[BlackElo "2424"]
[PlyCount "63"]
[EventDate "2022.01.02"]
[EventType "tourn"]
[EventRounds "9"]
[EventCountry "ESP"]
[EventCategory "4"]
[SourceTitle "EXT 2023"]
[Source "ChessBase"]
[SourceDate "2022.10.05"]
[SourceVersion "1"]
[SourceVersionDate "2022.10.05"]
[SourceQuality "1"]

1. Nf3 Nf6 2. d4 g6 3. Bf4 Bg7 4. e3 0-0 5. Be2 c5 6. c3 d6 7. dxc5 dxc5 8. Qxd8 Rxd8 9. Nbd2 Nc6 10. h3 Bf5 11. g4 Bd3 12. Bxd3 Rxd3 13. Ke2 Rad8 14. Rhd1 R3d7 15. Nc4 Ne4 16. Rxd7 Rxd7 17. Nfd2 Nxd2 18. Nxd2 e5 19. Bg5 f6 20. Bh4 Kf7 21. Rd1 Ke6 22. Ne4 Rxd1 23. Kxd1 b6 24. Kc2 h6 25. f3 f5 26. Nd2 b5 27. b3 a6 28. Bf2 Bf8 29. e4 f4 30. a3 g5 31. c4 b4 32. a4 1/2-1/2

[Event "Pamplona FNA 2nd"]
[Site "Pamplona"]
[Date "2022.01.04"]
[Round "4"]
[White "Pinto, Daniel"]
[Black "Minzer, Claudio Javier"]
[Result "0-1"]
[WhiteElo "2211"]
[BlackElo "2435"]
[PlyCount "64"]
[EventDate "2022.01.02"]
[EventType "tourn"]
[EventRounds "9"]
[EventCountry "ESP"]
[EventCategory "4"]
[SourceTitle "EXT 2023"]
[Source "ChessBase"]
[SourceDate "2022.10.05"]
[SourceVersion "1"]
[SourceVersionDate "2022.10.05"]
[SourceQuality "1"]

1. e4 c5 2. Nf3 Nc6 3. Bb5 g6 4. 0-0 Bg7 5. Re1 Nf6 6. e5 Nd5 7. Nc3 Nc7 8. Bxc6 dxc6 9. Ne4 Ne6 10. d3 0-0 11. Be3 b6 12. Qd2 a5 13. a4 Ra7 14. Bh6 f5 15. exf6 exf6 16. Bxg7 Rxg7 17. Re2 g5 18. Ng3 g4 19. Ne1 Nd4 20. Re3 f5 21. Nh5 f4 22. Re4 Rgf7 23. g3 Bf5 24. Nxf4 Bxe4 25. dxe4 Re8 26. Qd3 Qe7 27. c3 Nb3 28. Rd1 Qxe4 29. Qd6 Rff8 30. Qh6 Nd2 31. Qg5+ Kh8 32. Nh5 Qxe1+ 0-1

[Event "Pamplona FNA 2nd"]
[Site "Pamplona"]
[Date "2022.01.03"]
[Round "2"]
[White "Labiano Hernandez, Juan"]
[Black "Minzer, Claudio Javier"]
[Result "1/2-1/2"]
[WhiteElo "2231"]
[BlackElo "2435"]
[PlyCount "191"]
[EventDate "2022.01.02"]
[EventType "tourn"]
[EventRounds "9"]
[EventCountry "ESP"]
[EventCategory "4"]
[SourceTitle "EXT 2023"]
[Source "ChessBase"]
[SourceDate "2022.10.05"]
[SourceVersion "1"]
[SourceVersionDate "2022.10.05"]
[SourceQuality "1"]

1. e4 c5 2. Nf3 Nc6 3. Bb5 d6 4. d4 cxd4 5. Qxd4 Bd7 6. Bxc6 Bxc6 7. c4 f5 8. exf5 Qa5+ 9. Nc3 Qxf5 10. Nd5 e5 11. Qd1 Rc8 12. 0-0 Nf6 13. Re1 Be7 14. Nd4 Qd7 15. Nxe7 Kxe7 16. Bg5 h6 17. Bxf6+ gxf6 18. Qd3 Rcg8 19. Nf5+ Qxf5 20. Qxf5 Bxg2 21. Qd3 Be4+ 22. Qg3 f5 23. c5 d5 24. f3 Bxf3 25. Rxe5+ Kf6 26. Re3 Rxg3+ 27. hxg3 Be4 28. Rd1 Ke5 29. Ra3 a6 30. Rb3 d4 31. Rb4 d3 32. Rb6 h5 33. Rd6 h4 34. R1xd3 hxg3 35. Rxg3 Rh1+ 36. Kf2 Rh2+ 37. Ke1 Rxb2 38. Rd2 Rb1+ 39. Kf2 Rc1 40. Rb3 Rxc5 41. Re2 Kf4 42. Ke1 Rc1+ 43. Kd2 Rc2+ 44. Kd1 Rc7 45. Rf2+ Ke5 46. Rh2 Rg7 47. Re2 Rg1+ 48. Kd2 Rg7 49. Ke1 Rc7 50. Kd2 Rc4 51. Ke1 Kf4 52. Rf2+ Ke5 53. Kd2 f4 54. a3 Rd4+ 55. Ke1 f3 56. Rfxf3 Bxf3 57. Rxf3 Kd5 58. Rc3 b5 59. Ke2 Rc4 60. Rh3 Kc5 61. Kd3 Kb6 62. Rh6+ Ka5 63. Kd2 Ra4 64. Rh3 Rc4 65. Rh6 Rc8 66. Rg6 Rc4 67. Rh6 Ra4 68. Rh3 Rf4 69. Kc2 Ka4 70. Kb2 Rf2+ 71. Kb1 Rd2 72. Rg3 Rd6 73. Kb2 Ka5 74. Rg2 Kb6 75. Rc2 Rd4 76. Rh2 Kc5 77. Rc2+ Rc4 78. Rh2 Re4 79. Rc2+ Kd5 80. Rd2+ Rd4 81. Rh2 a5 82. Kc3 Rc4+ 83. Kb2 Rg4 84. Rd2+ Kc4 85. Rc2+ Kd3 86. Rc5 Rg2+ 87. Kb1 b4 88. axb4 axb4 89. Rc1 Rd2 90. Rh1 Kc3 91. Rh3+ Kc4 92. Rh1 Kb3 93. Rh3+ Ka4 94. Rh1 Ka3 95. Rh3+ b3 96. Rh1 1/2-1/2

[Event "Ibiza Eivissa op"]
[Site "Eivissa"]
[Date "2021.09.09"]
[Round "6"]
[White "Garcia Ramos, Daniel"]
[Black "Minzer, Claudio Javier"]
[Result "1/2-1/2"]
[WhiteElo "2412"]
[BlackElo "2445"]
[PlyCount "106"]
[EventDate "2021.09.06"]
[EventType "tourn"]
[EventRounds "9"]
[EventCountry "ESP"]
[EventCategory "7"]
[SourceTitle "CBM 204 Extra"]
[Source "ChessBase"]
[SourceDate "2021.11.30"]
[SourceVersion "1"]
[SourceVersionDate "2021.11.30"]
[SourceQuality "1"]

1. e4 c5 2. Nf3 Nc6 3. d4 cxd4 4. Nxd4 g6 5. c4 Nf6 6. Nc3 d6 7. Be2 Nxd4 8. Qxd4 Bg7 9. Be3 0-0 10. Qd2 Qa5 11. f3 Be6 12. Nb5 Qxd2+ 13. Kxd2 a6 14. Nd4 Rfc8 15. Rhc1 Nd7 16. Rab1 a5 17. b3 Nc5 18. g4 Na6 19. a3 Nc5 20. b4 axb4 21. axb4 Ra2+ 22. Rc2 Rxc2+ 23. Nxc2 Nd7 24. Nd4 Ra8 25. Nxe6 Ra2+ 26. Ke1 fxe6 27. c5 Kf7 28. Rc1 dxc5 29. bxc5 Rb2 30. h4 Rb4 31. Kd2 Bb2 32. Rc2 Ne5 33. f4 Nc6 34. Bc4 Bd4 35. f5 gxf5 36. exf5 Bxe3+ 37. Kxe3 Kf6 38. fxe6 Ke5 39. Kd3 Kf4 40. g5 Ne5+ 41. Kd4 b5 42. cxb6 Rxb6 43. Rf2+ Kg3 44. Rf7 Nxc4 45. Kxc4 Kxh4 46. Rxh7+ Kxg5 47. Kd5 Rb7 48. Kc6 Ra7 49. Rf7 Kg6 50. Kb6 Ra1 51. Kc7 Rd1 52. Rxe7 Kf6 53. Re8 Rc1+ 1/2-1/2

[Event "Ibiza Eivissa op"]
[Site "Eivissa"]
[Date "2021.09.07"]
[Round "2"]
[White "Minzer, Claudio Javier"]
[Black "Mayans Calvo, Mariano"]
[Result "1-0"]
[WhiteElo "2445"]
[BlackElo "2253"]
[PlyCount "69"]
[EventDate "2021.09.06"]
[EventType "tourn"]
[EventRounds "9"]
[EventCountry "ESP"]
[EventCategory "7"]
[SourceTitle "CBM 204 Extra"]
[Source "ChessBase"]
[SourceDate "2021.11.30"]
[SourceVersion "1"]
[SourceVersionDate "2021.11.30"]
[SourceQuality "1"]

1. Nf3 Nf6 2. c4 e6 3. g3 b6 4. Bg2 Bb7 5. 0-0 Be7 6. d4 d5 7. cxd5 exd5 8. Nc3 0-0 9. Bf4 Nbd7 10. Rc1 c6 11. Qb3 c5 12. dxc5 Nxc5 13. Qd1 Nfe4 14. Nb5 Qd7 15. Nbd4 a5 16. h4 h6 17. Rc2 g5 18. hxg5 hxg5 19. Bc1 Bf6 20. b3 Rae8 21. Bb2 Bg7 22. a3 f5 23. b4 axb4 24. axb4 Na4 25. Ba1 f4 26. g4 Rc8 27. Rxc8 Bxc8 28. Nf5 Nac3 29. Qd3 Rxf5 30. gxf5 Qxf5 31. Re1 Qf6 32. Nd2 Bf5 33. Nxe4 dxe4 34. Qc4+ Kh8 35. Rc1 1-0

[Event "Mallorca-chT Preferente"]
[Site "Mallorca"]
[Date "2021.04.24"]
[Round "7"]
[White "Minzer, Claudio Javier"]
[Black "Calzetta Ruiz, Monica"]
[Result "1/2-1/2"]
[WhiteElo "2452"]
[BlackElo "2302"]
[PlyCount "68"]
[EventDate "2021.03.06"]
[EventType "team-swiss"]
[EventRounds "7"]
[EventCountry "ESP"]
[SourceTitle "EXT 2023"]
[Source "ChessBase"]
[SourceDate "2022.10.05"]
[SourceVersion "1"]
[SourceVersionDate "2022.10.05"]
[SourceQuality "1"]
[WhiteTeam "Agora Megaescacs"]
[BlackTeam "Mallorca Isolani"]
[WhiteTeamCountry "ESP"]
[BlackTeamCountry "ESP"]

1. Nf3 c5 2. g3 Nf6 3. Bg2 g6 4. c4 Bg7 5. Nc3 0-0 6. 0-0 Nc6 7. d4 cxd4 8. Nxd4 Nxd4 9. Qxd4 d6 10. Qd3 Qa5 11. h3 Be6 12. Bd2 Qa6 13. b3 Rad8 14. Rac1 d5 15. cxd5 Qxd3 16. exd3 Nxd5 17. Nxd5 Bxd5 18. Rc7 e6 19. Bxd5 Rxd5 20. Rxb7 Rxd3 21. Be3 a5 22. Ra7 Bc3 23. Rc1 Rfd8 24. Kg2 Kg7 25. Rc2 R8d5 26. Re2 g5 27. g4 Kg6 28. Ra8 h6 29. Rg8+ Kh7 30. Ra8 Kg6 31. Rg8+ Kh7 32. Rc8 Kg6 33. Rc7 Bd4 34. Bxd4 R3xd4 1/2-1/2

[Event "La Palma Island op"]
[Site "Santa Cruz de La Palma"]
[Date "2019.08.12"]
[Round "5"]
[White "Planas Torrea, Francisco Javier"]
[Black "Minzer, Claudio Javier"]
[Result "0-1"]
[WhiteElo "2084"]
[BlackElo "2448"]
[PlyCount "72"]
[EventDate "2019.08.09"]
[EventType "swiss"]
[EventRounds "10"]
[EventCountry "ESP"]
[SourceTitle "CBM 191 Extra"]
[Source "ChessBase"]
[SourceDate "2019.09.30"]
[SourceVersion "1"]
[SourceVersionDate "2019.09.30"]
[SourceQuality "1"]

1. e4 c5 2. c3 Nf6 3. e5 Nd5 4. d4 cxd4 5. Nf3 e6 6. cxd4 d6 7. Nc3 Nxc3 8. bxc3 Qc7 9. Qb3 Nd7 10. Ba3 dxe5 11. Bxf8 Kxf8 12. Bd3 g6 13. 0-0 b6 14. Ng5 Kg7 15. Qxe6 Nc5 16. Qxf7+ Qxf7 17. Nxf7 Nxd3 18. Nxh8 e4 19. Nxg6 hxg6 20. a4 Be6 21. Rfd1 Bc4 22. Rd2 Re8 23. g3 Kf6 24. h4 Kf5 25. Rc2 Kg4 26. Rb1 e3 27. fxe3 Rxe3 28. Kh2 Ne1 29. Rf2 Nf3+ 30. Kg2 Bd5 31. Rb5 Nxh4+ 32. Kh2 Nf3+ 33. Kg2 Be4 34. Rb4 Ne1+ 35. Kh2 Rxg3 36. d5 Rh3+ 0-1

[Event "La Palma Island op"]
[Site "Santa Cruz de La Palma"]
[Date "2019.08.09"]
[Round "1"]
[White "Boix Pons, Catalina"]
[Black "Minzer, Claudio Javier"]
[Result "0-1"]
[WhiteElo "1831"]
[BlackElo "2448"]
[PlyCount "94"]
[EventDate "2019.08.09"]
[EventType "swiss"]
[EventRounds "10"]
[EventCountry "ESP"]
[SourceTitle "CBM 191 Extra"]
[Source "ChessBase"]
[SourceDate "2019.09.30"]
[SourceVersion "1"]
[SourceVersionDate "2019.09.30"]
[SourceQuality "1"]

1. d4 Nf6 2. Nf3 g6 3. c4 Bg7 4. Nc3 0-0 5. e4 d6 6. h3 c5 7. d5 e6 8. Be2 Na6 9. Be3 exd5 10. exd5 Re8 11. 0-0 Ne4 12. Nxe4 Rxe4 13. Qd2 Qb6 14. Rab1 Re8 15. b4 Qc7 16. b5 Nb8 17. Bd3 Nd7 18. Rfe1 Nf6 19. a4 Bd7 20. a5 Ne4 21. Bxe4 Rxe4 22. b6 axb6 23. Rxb6 Ra6 24. Reb1 Rxb6 25. axb6 Qd8 26. Qa2 Bf5 27. Rb5 Qd7 28. Ra5 h6 29. Ra8+ Re8 30. Qa7 Rxa8 31. Qxa8+ Qc8 32. Qa7 g5 33. Qa2 Qe8 34. Qa7 Qc8 35. Qa4 Bf6 36. Bd2 Kg7 37. Qb3 Qd8 38. Nh2 Bg6 39. Ng4 Bd4 40. Bc3 f5 41. Ne3 Qf6 42. Bd2 f4 43. Nd1 Qf5 44. Nc3 Qd3 45. Be1 f3 46. Qa3 fxg2 47. Kxg2 Be4+ 0-1

[Event "Pomar Memorial op"]
[Site "Palma de Mallorca"]
[Date "2018.11.30"]
[Round "5"]
[White "Do Santos Julio, Joao Manuel"]
[Black "Minzer, Claudio Javier"]
[Result "0-1"]
[WhiteElo "2096"]
[BlackElo "2437"]
[PlyCount "62"]
[EventDate "2018.11.26"]
[EventType "swiss"]
[EventRounds "7"]
[EventCountry "ESP"]
[SourceTitle "EXT 2020"]
[Source "ChessBase"]
[SourceDate "2019.10.17"]
[SourceVersion "1"]
[SourceVersionDate "2019.10.17"]
[SourceQuality "1"]

1. e4 c5 2. Nf3 Nc6 3. d4 cxd4 4. Nxd4 Nf6 5. Nc3 d6 6. Be2 g6 7. Be3 Bg7 8. h4 h5 9. f3 Bd7 10. Qd2 Rc8 11. Nxc6 bxc6 12. a4 a5 13. Rd1 Qc7 14. 0-0 0-0 15. Bc4 Rfd8 16. Bb3 Rb8 17. Bg5 Be8 18. Qe1 Nh7 19. Be3 e6 20. Kh1 c5 21. Qe2 Bf6 22. f4 c4 23. Bxc4 Rxb2 24. e5 Rb4 25. Bb5 Qxc3 26. Bd2 Bxb5 27. axb5 Qxc2 28. exf6 Nxf6 29. Rc1 Qb2 30. Qe3 Nd5 31. Qe1 Rxb5 0-1

[Event "Pomar Memorial op"]
[Site "Palma de Mallorca"]
[Date "2018.11.28"]
[Round "3"]
[White "Georgiev, Krum"]
[Black "Minzer, Claudio Javier"]
[Result "1-0"]
[WhiteElo "2331"]
[BlackElo "2437"]
[PlyCount "82"]
[EventDate "2018.11.26"]
[EventType "swiss"]
[EventRounds "7"]
[EventCountry "ESP"]
[SourceTitle "EXT 2020"]
[Source "ChessBase"]
[SourceDate "2019.10.17"]
[SourceVersion "1"]
[SourceVersionDate "2019.10.17"]
[SourceQuality "1"]

1. e4 c5 2. Nf3 Nc6 3. Bb5 g6 4. 0-0 Bg7 5. c3 Nf6 6. Re1 0-0 7. h3 e5 8. d3 d6 9. Bxc6 bxc6 10. Qa4 Qc7 11. Na3 Be6 12. Nc4 Rab8 13. Ng5 Bxc4 14. Qxc4 h6 15. Nf3 Nd7 16. a3 Nb6 17. Qa2 Na4 18. c4 f5 19. b4 fxe4 20. dxe4 Qf7 21. Qc2 Nb6 22. bxc5 Qxc4 23. Ra2 Qxc5 24. Qxc5 dxc5 25. Rc2 Nd7 26. Be3 Rfc8 27. Rec1 Rb7 28. Nd2 Nf8 29. Rxc5 Ne6 30. Ra5 Rd7 31. Rb1 c5 32. Nc4 Nd4 33. Ra6 Ne2+ 34. Kf1 Nc3 35. Rc1 Nxe4 36. Rxg6 Kh7 37. Re6 Rd4 38. Re7 Rf8 39. Bxd4 cxd4 40. Nxe5 Ng5 41. Ke1 Rf5 1-0

[Event "Balears-chT"]
[Site "Santa Ponca"]
[Date "2018.04.29"]
[Round "3.1"]
[White "Pons Carreras, David"]
[Black "Minzer, Claudio Javier"]
[Result "1/2-1/2"]
[WhiteElo "2330"]
[BlackElo "2435"]
[PlyCount "26"]
[EventDate "2018.04.28"]
[EventType "team-tourn"]
[EventRounds "3"]
[EventCountry "ESP"]
[SourceTitle "EXT 2024"]
[Source "ChessBase"]
[SourceDate "2023.10.10"]
[SourceVersion "1"]
[SourceVersionDate "2023.10.10"]
[SourceQuality "1"]
[WhiteTeam "Cercle Artístic de Ciutadella"]
[BlackTeam "Agora Megaescacs"]
[WhiteTeamCountry "ESP"]
[BlackTeamCountry "ESP"]

1. d4 d5 2. Nf3 Nf6 3. c4 e6 4. g3 Be7 5. Bg2 0-0 6. 0-0 c6 7. Qc2 b6 8. Nbd2 Bb7 9. e4 Na6 10. a3 c5 11. dxc5 dxe4 12. Ng5 Nxc5 13. Ndxe4 Ncxe4 1/2-1/2

[Event "Palma de Mallorca op 5th"]
[Site "Palma de Mallorca"]
[Date "2016.01.16"]
[Round "9"]
[White "Minzer, Claudio Javier"]
[Black "Kveinys, Aloyzas"]
[Result "1/2-1/2"]
[WhiteElo "2434"]
[BlackElo "2524"]
[PlyCount "26"]
[EventDate "2016.01.09"]
[EventType "swiss"]
[EventRounds "9"]
[EventCountry "ESP"]
[SourceTitle "EXT 2017"]
[Source "ChessBase"]
[SourceDate "2016.10.25"]
[SourceVersion "1"]
[SourceVersionDate "2016.10.25"]
[SourceQuality "1"]

1. d4 Nf6 2. c4 e6 3. Nf3 Bb4+ 4. Bd2 a5 5. Nc3 b6 6. e3 Bb7 7. Bd3 d5 8. cxd5 exd5 9. Ne5 0-0 10. 0-0 Bd6 11. f4 c5 12. Be1 cxd4 13. exd4 Ne4 1/2-1/2

[Event "Llucmajor op 4th"]
[Site "Llucmajor"]
[Date "2015.05.12"]
[Round "4"]
[White "Sumets, Andrey"]
[Black "Minzer, Claudio Javier"]
[Result "1-0"]
[WhiteElo "2563"]
[BlackElo "2439"]
[PlyCount "69"]
[EventDate "2015.05.10"]
[EventType "swiss"]
[EventRounds "9"]
[EventCountry "ESP"]
[SourceTitle "CBM 166 Extra"]
[Source "ChessBase"]
[SourceDate "2015.06.18"]
[SourceVersion "1"]
[SourceVersionDate "2015.06.18"]
[SourceQuality "1"]

1. d4 Nf6 2. c4 c5 3. d5 e5 4. Nc3 d6 5. e4 Be7 6. g3 0-0 7. Bg2 Na6 8. Nge2 Ne8 9. 0-0 Bd7 10. f4 Bf6 11. Be3 Nec7 12. a4 Nb4 13. Qd2 b6 14. f5 a6 15. Kh1 b5 16. b3 bxc4 17. bxc4 g5 18. Bf3 Ne8 19. h4 h6 20. Kg2 Kg7 21. Rh1 Rg8 22. Nd1 Kf8 23. Nf2 Be7 24. Ng1 Ng7 25. Ngh3 f6 26. hxg5 hxg5 27. Ng4 Be8 28. Nhf2 Bh5 29. Nxe5 Bxf3+ 30. Nxf3 Qe8 31. Rh6 Bd8 32. g4 Qd7 33. e5 fxe5 34. Ne4 Ne8 35. Bxc5 1-0

[Event "Baleares-chT"]
[Site "Ibiza"]
[Date "2012.06.12"]
[Round "5.1"]
[White "Cacho Reigadas, Sergio"]
[Black "Minzer, Claudio Javier"]
[Result "1/2-1/2"]
[WhiteElo "2523"]
[BlackElo "2430"]
[PlyCount "98"]
[EventDate "2012.05.10"]
[EventType "team-swiss"]
[EventRounds "5"]
[EventCountry "ESP"]
[SourceTitle "EXT 2014"]
[Source "ChessBase"]
[SourceDate "2013.11.20"]
[SourceVersion "1"]
[SourceVersionDate "2013.11.20"]
[SourceQuality "1"]

1. d4 d5 2. c4 e6 3. Nc3 Be7 4. Bf4 Nf6 5. e3 0-0 6. Nf3 Nbd7 7. Qc2 c5 8. dxc5 Nxc5 9. Be2 a6 10. 0-0 dxc4 11. Rfd1 Qe8 12. a4 Bd7 13. Ne5 Nb3 14. Ra2 Na5 15. Bxc4 Rc8 16. Nxd7 Nxd7 17. Bd3 Nf6 18. Qe2 Nc6 19. Raa1 Nb4 20. Bc4 Qc6 21. Bb3 Rfd8 22. Rxd8+ Rxd8 23. Rd1 Rxd1+ 24. Qxd1 h6 25. h3 Nbd5 26. Be5 Nxc3 27. bxc3 Nd7 28. Bd4 Nc5 29. Bc2 Bf8 30. f4 g6 31. Qb1 Kh7 32. h4 h5 33. Qd1 f5 34. Qb1 Ne4 35. Bxe4 fxe4 36. Qb3 Be7 37. g3 Kg8 38. c4 Kf7 39. Kf2 Ke8 40. Ke2 Kd7 41. Kd2 Ke8 42. Kc3 Kd7 43. Kb2 Ke8 44. Qc2 Kd7 45. Qb3 Ke8 46. Qc2 Kd7 47. c5 Qd5 48. Qb3 Qc6 49. Qb4 b5 1/2-1/2

[Event "Cala Rajada"]
[Site "Cala Rajada"]
[Date "2012.04.13"]
[Round "7"]
[White "Monroy, Charles"]
[Black "Minzer, Claudio Javier"]
[Result "1/2-1/2"]
[WhiteElo "2401"]
[BlackElo "2452"]
[PlyCount "53"]
[EventDate "2012.04.09"]
[EventType "tourn"]
[EventRounds "9"]
[EventCountry "ESP"]
[EventCategory "2"]
[SourceTitle "EXT 2013"]
[Source "ChessBase"]
[SourceDate "2012.11.22"]
[SourceVersion "1"]
[SourceVersionDate "2012.11.22"]
[SourceQuality "1"]

1. Nf3 Nf6 2. c4 e6 3. g3 d5 4. d4 Be7 5. Bg2 0-0 6. 0-0 dxc4 7. Qa4 a6 8. Qxc4 b5 9. Qc2 Bb7 10. Bd2 h6 11. a3 Be4 12. Qc1 Nc6 13. Bc3 a5 14. Nbd2 Bd5 15. Qc2 b4 16. e4 Nxe4 17. Nxe4 bxc3 18. bxc3 f5 19. Ned2 Bf6 20. Rab1 Rb8 21. Rfe1 Re8 22. Qd3 a4 23. Qa6 Ra8 24. Qd3 Rb8 25. Qa6 Ra8 26. Qb5 Rb8 27. Qa6 1/2-1/2